000 00670nam a22001697a 4500
003 NUST
082 _a621.382,RIA
100 _aRiaz, Rana Farid
_9132941
245 _aAutomatic Seed Sowing Robot /
_cRana Farid Riaz, Malik Muhammad Saddam, Muhammad Hamza Bin Zahid and Muhammad Kamran (BETE-54 /TCC-29)
260 _aRawalpindi
_bMCS (NUST)
_cJune, 2021
300 _a58 p.;
505 _aIntroduction (Page-1), working Methodology (Page-8), Graphic User Interface and Integration with Robot (Page-17), References (Page-58).
650 _aUG Project
_9131132
651 _a(BETE-54 /TCC-29)
_9132912
700 _aSupervised by Attiq Ahmad
_9132942
942 _2ddc
_cPR
999 _c615960
_d615960